000
00792nas a22001577a 4500
008
210325b th ||||| |||| 00| 0 tha d
041
0
_a
tha
245
1
0
_a
นิตยสารการท่าเรือ
260
3
_b
บริษัททวีวัฒน์ เพรส จำกัด
310
_a
รายสองเดือน
850
_a
NALT
942
_c
JNR
997
_c
41038
999
_c
81038
_d
81038